000 01899nam a2200241 a 4500
001 000015940
005 20200929164217.0
008 100222s1983 dr 001 0 spa d
040 _aDO-SdBNP
_bspa
_cBNPHU
082 _a355.825119
_bA347v, 1983
100 1 _aAlcántara, Aníbal
_96633
245 1 4 _aLas víctimas de una posible hoguera nuclear /
_cAníbal Alcántara.
250 _a2ª ed.
260 _aSanto Domingo :
_bTaller,
_c1983.
300 _a138 p. ;
_c21 cm.
504 _aBibliografía: p.133-136.
505 0 _gIntroducción --
_tEl Átomo --
_tHistoria del uranio --
_tEl uranio como posible combustible nuclear --
_tLa planta nuclear --
_tLos desechos nucleares --
_tLos desechos que produce el carbón mineral --
_tLos accidentes nucleares --
_t¿Será posible una guerra nuclear por accidente? --
_tLa radioactividad --
_tLa proliferación de las armas nucleares y sus consecuencias --
_tPaíses que tienen el privilegio de pertenecer al Club de los "Poseedores de Armas Nucleares" --
_tPaíses con capacidad técnica para desarrollar bomba nuclear y que posiblemente ya la poseen --
_tLa ciencia y sus frutos --
_tLos satélites --
_tEl Pacto de Varsovia y el Pacto de la OTÁN --
_tEuropa - Las armas tácticas o de teatros y las complicadas negociaciones sobre la reducción de las armas de corto y mediano alcance --
_tLas fuerzas estratégicas --
_tDesarme, o por lo menos control de las armas nucleares --
_tEl jugoso negocio de la exportación de equipos militares por parte de los países ricos en desmedro de los pobres --
_tConsecuencias de una guerra nuclear --
_tPeligro de una guerra nuclear --
_tLa defensa civil en la eventualidad de una guerra nuclear --
_gBibliografía.
590 _aInventariado, 2018/ YL
650 4 _aArmas nucleares
_97434
650 4 _aGuerra nuclear
_935824
650 4 _aControl de la crisis nuclear
_935825
910 _aValidado. Control de calidad EMS
999 _c15482
_d15482